Statistics for Latin Derivatives

Click here to take the quiz!

General Stats

  • This quiz has been taken 293 times
  • The average score is 11 of 15

Answer Stats

DerivativesLatin WordEnglish Translation% Correct
EtceteraEtAnd
93%
Unicycle, Unicorn, UniformUnumOne
92%
Benefactor, Beneficial, BenefitBeneGood
91%
Maleficent, Malnourish,MaleBad
85%
VillageVillaHouse
85%
Inhabit, Habitate, HabitatHabitatLive
80%
Breif, Brevity,BrevisShort
78%
Temporal, TemporaryTemporeTime
78%
Arbor Day, ArboretumArboreTree
72%
Ambulatory, PreambleAmbulatWalk
68%
Disclaim, Declaim, AcclaimClamatShout
64%
Deride, RidiculousRidetLaugh
53%
Cadaver, Cascade, CasualtyCaditFall
49%
AgricultureAgrisField
48%
Current, Recur, DiscursiveCurritRun
48%

Score Distribution

Percentile by Number Answered

Percent of People with Each Score

Your Score History

You have not taken this quiz